[Event "Leitersdorf Region-ch"]
[Site "Leitersdorf"]
[Date "2015.01.02"]
[Round "1"]
[White "Kohlbacher, Friedrich"]
[Black "Almer, Gerald"]
[Result "0-1"]
[WhiteElo "1652"]
[BlackElo "2094"]
[PlyCount "62"]
[EventDate "2015.01.02"]
[EventType "swiss"]
[EventRounds "5"]
[EventCountry "AUT"]
[SourceTitle "CBM 164 Extra"]
[Source "ChessBase"]
[SourceDate "2015.03.02"]
[SourceVersion "1"]
[SourceVersionDate "2015.03.02"]
[SourceQuality "1"]

1. e4 e5 2. f4 exf4 3. Nf3 g5 4. Bc4 Bg7 5. 0-0 d6 6. d4 h6 7. Qd3 Ne7 8. c3 0-0 9. h3 Nbc6 10. Na3 Na5 11. Bb5 a6 12. Ba4 b5 13. Bc2 c5 14. dxc5 dxc5 15. Qe2 Re8 16. Qf2 Qc7 17. Bd2 Ng6 18. Rad1 Be6 19. b3 Rab8 20. Rfe1 Ne5 21. g4 fxg3 22. Qxg3 Nxf3+ 23. Qxf3 Be5 24. Kg2 Rb6 25. Qh5 Bc8 26. Rf1 Rg6 27. Be1 Nc6 28. Rd3 Bf4 29. Rdf3 Ne5 30. R3f2 Bb7 31. Bd2 Qa5 0-1

[Event "Graz op-B"]
[Site "Graz"]
[Date "2006.09.16"]
[Round "1.4"]
[White "Kratschmer, Heinz"]
[Black "Kohlbacher, Friedrich"]
[Result "1-0"]
[WhiteElo "2098"]
[BlackElo "1689"]
[PlyCount "139"]
[EventDate "2006.09.16"]
[EventType "swiss"]
[EventRounds "9"]
[EventCountry "AUT"]
[SourceTitle "EXT 2022"]
[Source "ChessBase"]
[SourceDate "2021.10.06"]
[SourceVersion "1"]
[SourceVersionDate "2021.10.06"]
[SourceQuality "1"]

1. d4 d5 2. Nf3 e6 3. c4 Nf6 4. e3 Be7 5. Nc3 0-0 6. Bd3 b6 7. 0-0 c5 8. Qe2 Bb7 9. Rd1 Re8 10. b3 a6 11. Bb2 Nbd7 12. Rac1 Bd6 13. h3 h6 14. dxc5 Nxc5 15. Bb1 Nce4 16. Nxe4 Nxe4 17. Nd2 Qe7 18. cxd5 exd5 19. Nf3 b5 20. Nd4 Be5 21. Nf5 Qf6 22. Bxe5 Rxe5 23. Nd4 g6 24. Rc7 Re7 25. Rdc1 Rae8 26. Bxe4 Rxe4 27. Qf3 Qxf3 28. Nxf3 R8e7 29. b4 Kf8 30. Nd4 Rxc7 31. Rxc7 Re7 32. Rc5 f5 33. g3 h5 34. h4 Kg7 35. Kf1 Kf6 36. Ke2 Rd7 37. Kd2 Kf7 38. a3 Kf6 39. Rc1 Kf7 40. Nf3 Kf6 41. Nd4 Kf7 42. Kd3 Kf6 43. Ne2 Ke5 44. Rc5 Kd6 45. Nf4 Rg7 46. Kd4 Bc6 47. Nxd5 Bxd5 48. Rxd5+ Ke6 49. e4 fxe4 50. Kxe4 Rc7 51. Rc5 Rxc5 52. bxc5 a5 53. Kd4 Kd7 54. f3 Kc6 55. g4 b4 56. axb4 axb4 57. Kc4 b3 58. Kxb3 Kxc5 59. Kc3 Kd5 60. Kd3 Ke5 61. Ke3 hxg4 62. fxg4 Ke6 63. Ke4 Kf6 64. Kd5 Kf7 65. Ke5 Ke7 66. g5 Kf7 67. Kd6 Kg8 68. Ke6 Kg7 69. Ke7 Kg8 70. Kf6 1-0